عرض عادي
عرض مارك
- العروض التقديمية
مدخل مصطلح موضوعي
001 - رقم الضبط
- حقل الضبط: 15414
003 - معرف رقم الضبط
- حقل الضبط: OSt
005 - تاريخ ووقت أخر عملية
- حقل الضبط: 20120531104927.0
008 - عناصر بيانات ثابتة الطول
- حقل تحكم ثابت الطول: 120531|||a|||||| | ||| d
040 ## - مصدر الفهرسة
- هيئة الفهرسة الأصلية: OSt
- وكالة الكتابة: OSt
150 ## - مدخل-- مصطلح تاريخي
- عنصر مدخل المصطلح الموضوعي او الاسم الجغرافي: العروض التقديمية
- تفريع عام: برامج الحاسوب.
670 ## - بيانات المصدر موجوده
- الاستشهاد بالمصدر: Work cat.: (OSt): عناني، عمرو. 15407, احترف استخدام برنامج Microsoft power point 2010 /, 2010
